Artists That Have Worked with Tech N9ne - Statistics

General Stats
  • This quiz has been taken 12 times
    2 since last reset
  • The average score is 21 of 97
Answer Stats
Artist % Correct
D12
100%
Eminem
100%
Falling in Reverse
100%
Ice Cube
100%
2Pac
50%
Bizarre
50%
Bun B
50%
Busta Rhymes
50%
Conway the Machine
50%
Corey Taylor
50%
Dax
50%
Grizzy Hendrix
50%
Hollywood Undead
50%
Hopsin
50%
Joey Cool
50%
Joyner Lucas
50%
Kendall Morgan
50%
Kendrick Lamar
50%
King Iso
50%
Krizz Kaliko
50%
Lex Bratcher
50%
Lil Wayne
50%
Logic
50%
Mac Lethal
50%
MAYDAY
50%
Murs
50%
Mystikal
50%
NF
50%
Rittz
50%
Royce Da 5'9
50%
Scru Face Jean
50%
Serj Tankian
50%
Stevie Stone
50%
T.I.
50%
Travis Barker
50%
Twista
50%
X-Raided
50%
Yelawolf
50%
Adrian Truth
0%
Alex Terrible
0%
Big Scoob
0%
Boyz II Men
0%
Brian Angel
0%
Brotha Lynch Hung
0%
Chris Webby
0%
Dalima
0%
Darrein Safron
0%
Durand Berarr
0%
Dwayne Johnson
0%
E-40
0%
Flatbush Zombies
0%
Garrett Raff
0%
Gina McFadden
0%
Head Da Don
0%
Hi-Rez
0%
Jay Trilogy
0%
Jelly Roll
0%
JL
0%
K.A.A.N.
0%
Kid Bookie
0%
Kiddo Al
0%
King D
0%
King Gordy
0%
Landxn Fyre
0%
Lil Ava
0%
Liz Suwandi
0%
Machine Gun Kelly
0%
Mackenzie Nicole
0%
Marcus Yates
0%
Marley Young
0%
Matt Phoenix
0%
Merkules
0%
Mumu Fresh
0%
Nave Monjo
0%
NoLimit TC
0%
N.O.R.E.
0%
Qveen Herby
0%
RMR
0%
Roblo DaStar
0%
Russ
0%
Ryan Bradley
0%
Seuss Mace
0%
Simeon
0%
Snow Tha Product
0%
Stige
0%
Talilo
0%
The Popper
0%
The Regime
0%
Token
0%
T-Pain
0%
Trae Tha Truth
0%
T-Rell
0%
Tyler Lyon
0%
Ubi
0%
Wrekonize
0%
Yukmouth
0%
Zuse
0%
No matching quizzes found
Score Distribution
Percent of People with Each Score
Percentile by Number Answered
Your Score History
You have not taken this quiz since the last reset